[Event "SEMI B032 email"]
[Site "SEMI email"]
[Date "2002.10.01"]
[Round "?"]
[White "Then, Hans"]
[Black "Lopriore, Nunzio"]
[Result "0-1"]
[WhiteElo "1711"]
[BlackElo "1200"]
[PlyCount "32"]
[EventDate "2002.10.01"]
[EventType "tourn (corr)"]
[EventRounds "6"]
[EventCountry "ITA"]
[SourceTitle "Corr 2008"]
[Source "ChessBase"]
[SourceDate "2008.06.24"]
[SourceVersion "1"]
[SourceVersionDate "2008.06.24"]
[SourceQuality "1"]

1. c4 c5 2. g3 d5 3. cxd5 Qxd5 4. Nf3 Nf6 5. Nc3 Qd6 6. d3 e5 7. Bg2 a6 8. Nd2 Nc6 9. Nc4 Qc7 10. f4 Bd6 11. 0-0 0-0 12. Nxd6 Qxd6 13. fxe5 Qd4+ 14. Kh1 Ng4 15. Bxc6 bxc6 16. e3 Qxe5 0-1

[Event "SEMI B024 email"]
[Site "SEMI email"]
[Date "2001.11.26"]
[Round "?"]
[White "Russo, Gigi"]
[Black "Then, Hans"]
[Result "1-0"]
[WhiteElo "1000"]
[BlackElo "1000"]
[PlyCount "57"]
[EventDate "2001.11.26"]
[EventType "tourn (corr)"]
[EventRounds "6"]
[EventCountry "ITA"]
[SourceTitle "Telechess CBM 097"]
[Source "ChessBase"]
[SourceDate "2003.11.11"]
[SourceVersion "1"]
[SourceVersionDate "2003.11.11"]
[SourceQuality "1"]

1. e4 e5 2. Nf3 Nf6 3. Nxe5 d6 4. Nf3 Nxe4 5. d4 d5 6. Bd3 Be7 7. 0-0 Nc6 8. Re1 Bg4 9. c4 Nf6 10. cxd5 Bxf3 11. Qxf3 Nxd4 12. Qe3 c5 13. dxc6 Nxc6 14. Bb5 Qd7 15. Bd2 Nd5 16. Qf3 0-0 17. Nc3 Ndb4 18. Rad1 Rae8 19. Re4 f5 20. Re2 Rd8 21. Be1 Bd6 22. Ba4 Kh8 23. Nb5 Nd3 24. Nxd6 Qxd6 25. Bc3 b5 26. Bc2 Nde5 27. Rxe5 Nxe5 28. Qe2 Qc5 29. Qxe5 1-0